Manual of instructions to commercial representatives abroad. (Record no. 84330)

MARC details
000 -LEADER
fixed length control field 00616cam a2200217 4500
001 - CONTROL NUMBER
control field sa 68012141
003 - CONTROL NUMBER IDENTIFIER
control field DLC
005 - DATE AND TIME OF LATEST TRANSACTION
control field 20260227112607.0
008 - FIXED-LENGTH DATA ELEMENTS--GENERAL INFORMATION
fixed length control field 691030s1967 ii 00000 eng
010 ## - LIBRARY OF CONGRESS CONTROL NUMBER
LC control number sa 68012141 //r88
025 ## - OVERSEAS ACQUISITION NUMBER
Overseas acquisition number PL480:I-E-9893
050 0# - LIBRARY OF CONGRESS CALL NUMBER
Classification number JX1840
Item number .A37 1967
082 ## - DEWEY DECIMAL CLASSIFICATION NUMBER
Classification number 354.54/008/2
110 10 - MAIN ENTRY--CORPORATE NAME
Corporate name or jurisdiction name as entry element India.
Subordinate unit Directorate of Commercial Publicity.
245 10 - TITLE STATEMENT
Title Manual of instructions to commercial representatives abroad.
260 0# - PUBLICATION, DISTRIBUTION, ETC.
Place of publication, distribution, etc. New Delhi,
Date of publication, distribution, etc. 1967.
300 ## - PHYSICAL DESCRIPTION
Extent ii, 126 p.
Dimensions 25 cm.
350 ## - PRICE (NR) (BK AM CF MU VM SE) [OBSOLETE]
Price unpriced
650 #0 - SUBJECT ADDED ENTRY--TOPICAL TERM
Topical term or geographic name entry element Commercial attachés
Geographic subdivision India.
651 #0 - SUBJECT ADDED ENTRY--GEOGRAPHIC NAME
Geographic name India
General subdivision Commerce.

No items available.

Powered by Koha